| 000 | 00437nam a2200169Ia 4500 | ||
|---|---|---|---|
| 008 | 180207s9999 xx 000 0 und d | ||
| 020 | _a153021217 | ||
| 050 | _bR771 1994 | ||
| 100 | _aRondon, Javier. | ||
| 245 | 4 | _aThe absent-minded toad / | |
| 245 | _cJavier Rondon ; illustrated by Marcela Cabrera. | ||
| 260 | _aUSA : | ||
| 260 | _bHarcourt Brace, | ||
| 260 | _c1994 | ||
| 300 | _aunpaged : | ||
| 300 | _bcolor illustration ; | ||
| 999 |
_c355038 _d355038 |
||